00707 2200241 4500001002100000005001700021008004100038020002200079035002500101040001200126082001500138084001700153100002900170245009000199250001100289260002800300300002300328504003000351650003700381700001700418850001200435990001800447INLIS00000000001190220151013103920.0  a978-602-7663-50-3 a0010-091500000000415 aYOPDYOG 223a297.63 a297.63 Sho P aSHONI Rahmatullah Amrozi aThe power of Rasulullahs leadershipc/ Shoni Rahmatullah Amrozi; editor, Abdul Syukur aCet. 1 aJogjakartabSabilc2012 a207 hlm.c; 20 cm. aBibliografi: hlm. 195-203 aNabi Muhammad SAW - Kepemimpinan aABDUL Syukur aYOPDYOG a50041-PD/A.15